| 000 | 00666nam a22002177a 4500 | ||
|---|---|---|---|
| 005 | 20170124110132.0 | ||
| 010 | _aA-902377 | ||
| 020 | _c00.00 | ||
| 035 | _aA-902377 | ||
| 037 | _bCen Lib/Ret | ||
| 040 |
_aDPL _bEN |
||
| 082 |
_a510 _bBHA |
||
| 100 |
_aBhattacharyya, Dilip Kumar _932442 |
||
| 245 |
_aICSE mathematics test paper : _cby Dilip Kumar Bhattacharyya _bfor class X / |
||
| 260 |
_bBharati Bhawan _aPatna _c1998 |
||
| 270 |
_bBihar _aThakurbari Road, Kadamkuan _e800003 |
||
| 300 |
_axiv,93p. : _c21cm(Hb) _bill. |
||
| 650 |
_aMathematics _98937 |
||
| 650 |
_aMathematics -- General awareness _932443 |
||
| 942 |
_2ddc _cEN _h510 _mBHA |
||
| 999 |
_c131672 _d131672 |
||